000 01064nam a22002897a 4500
999 _c63636
_d63636
005 20240530110651.0
008 171212s2016 ua a g b 000 0 ara d
017 _a21257
_bمصر. دار الكتب
020 _a9789773583378
040 _aEG-CaGPL
_cEG-CaGPL
082 0 4 _221
_a333.794\
_bع ط
100 0 _aعلى محمد على عبدالله
245 1 2 _aالطاقة المتجددة /
_cعلى محمد على عبدالله .
250 _aط.1
260 _aالقاهرة :
_bدار الفجر للنشر و التوزيع ،
_c2016 .
300 _a183 ص. ؛
_c24 سم.
650 0 7 _2qrmak
_aالطاقة المتجددة
650 0 7 _2qrmak
_aالطاقة
_xاشكال
650 0 7 _2qrmak
_aالطاقة
_xتحويل
650 0 7 _2qrmak
_aالطاقة الحرارية
650 0 7 _2qrmak
_aالطاقة الهيدروليكية
650 0 7 _2qrmak
_aطاقة الرياح
650 0 7 _2qrmak
_aالطاقة الشمسية
650 0 7 _2qrmak
_aالطاقة
942 _2ddc
_cBK